Get the Picture: US Government Quiz Stats

 Plays Quiz Updated Feb 26, 2019

Score 0/15 Timer 01:30
2 Plays Today
Question Answer Wrong Answers
Command the military Executive
90%
Legislative
4.5%
Judicial
1.2%
Sentence criminals Judicial
88.8%
Legislative
3.5%
Executive
3.2%
Oversee trials Judicial
88%
Legislative
4.5%
Executive
3.3%
Write laws Legislative
87.1%
Executive
4%
Judicial
4.6%
Receive ambassadors Executive
84.3%
Legislative
9.2%
Judicial
1.8%
Grant pardons Executive
83.8%
Legislative
3.7%
Judicial
8%
Settle disputes Judicial
82.3%
Legislative
7.4%
Executive
5.6%
Interpret laws Judicial
79.5%
Legislative
11.8%
Executive
4.4%
Determine constitutionality Judicial
77.7%
Legislative
12.7%
Executive
5%
Levy and collect taxes Legislative
76.9%
Executive
16.2%
Judicial
2.6%
Appoint judges Executive
73.6%
Legislative
9.9%
Judicial
12.4%
Plan the budget Legislative
70.3%
Executive
24.1%
Judicial
1.2%
Confirm federal appointments Legislative
69.2%
Executive
19.7%
Judicial
6.7%
Declare war Legislative
51.8%
Executive
42.7%
Judicial
1.2%
Enforce laws Executive
41.6%
Legislative
12.2%
Judicial
41.8%

Today's Daily Dose

You're not logged in!

Compare scores with friends on all Sporcle quizzes.
OR
Log In

Sporcle TV

Today on Sporcle TV


Watch our educational content, quiz creation guides, and fun videos on Sporcle TV.

Show Comments

Extras

Top Quizzes Today


Score Distribution

Your Account Isn't Verified!

In order to create a playlist on Sporcle, you need to verify the email address you used during registration. Go to your Sporcle Settings to finish the process.

Report this User

Report this user for behavior that violates our Community Guidelines.

Details: